All EuroLeague Teams Ever - Statistics

General Stats
  • This quiz has been taken 282 times
    164 since last reset
  • The average score is 34 of 90
Answer Stats
Teams Number of Years % Correct
Barcelona 26
90%
Real Madrid 24
90%
Olympiacos 26
85%
Paris Basketball 2
83%
Maccabi Rapyd Tel Aviv 25
81%
Fenerbahçe Beko 20*
80%
Panathinaikos AKTOR Athens 25
80%
CSKA Moscow 20
79%
Bayern Munich 11
78%
Crvena Zvezda Meridianbet 12
77%
Valencia Basket 9
77%
Partizan Mozzart Bet 17
76%
Zalgiris Kaunas 26
76%
AEK Athens 6
75%
Galatasaray Ekmas 4
72%
EA7 Emporio Armani Milan 20
69%
Dubai Basketball 1
68%
Anadolu Efes 25
66%
Beşiktaş Fibabanka 1
66%
Zenit Saint Petersburg 2
66%
Alba Berlin 12
63%
AS Monaco 5
62%
PAOK BC 1
62%
Saski Baskonia 26
62%
Virtus Olidata Bologna 8
60%
LDLC ASVEL 12
58%
Hapoel IBI Tel Aviv 1
57%
Unicaja Malaga 16
57%
Aris Thessaloniki 2
54%
Union Olimpija 13*
54%
KK Zagreb 1
51%
Lokomotiv Kuban 2
50%
Virtus Roma 1960 6
50%
Budućnost VOLI 4
40%
Joventut Badalona 2
40%
UNICS 3
38%
KK Cibona 11
37%
Surne Bilbao Basket 1
36%
Cedevita 3*
32%
Bamberg 9
31%
Dreamland Gran Canaria 1
31%
Khimki 8
30%
Eldo Basket Napoli 1
29%
Hapoel Bank Yahav Jerusalem 1
29%
KK Zadar 2
29%
Limoges CSP 2
29%
SIG Strasbourg 3
29%
Dinamo Sassari 2
27%
Dynamo Moscow 1
24%
Mens Sana Basketball Siena 11
24%
Nanterre 92 1
24%
Rytas Vilnius 6
24%
Darüşşafaka Lassa 3
23%
Benetton Treviso 7
22%
Cantù 2
22%
Fortitudo Bologna 7
22%
Panionios 1
21%
Spirou Basket Charleroi 4
21%
KK Krka 2
20%
Peristeri Domino's 2
20%
Maroussi 1
18%
SLUC Nancy 2
18%
WKS Śląsk Wrocław 3
18%
Cholet 1
17%
Le Mans Sarthe 3
17%
Movistar Estudiantes 2
17%
Filou Oostende 1
16%
Neptunas Klaipėda 1
16%
Arka Gdynia 9
15%
Pinar Karşıyaka 1
15%
Ülker 5*
15%
Zastal Zielona Góra 2
15%
Élan Béarnais Pau-Lacq-Orthez 6
13%
London Towers 2
13%
RheinStars Köln 1
13%
Victoria Libertas Pesaro 2
13%
BC Nizhny Novgorod 1
11%
Élan Chalon 1
11%
EWE Baskets Oldenburg 1
11%
Orléans Loiret Basket 1
10%
PBC Ural Great Perm 1
10%
Scaligera Basket Verona 1
10%
Budivelnyk 1
8%
Fraport Skyliners 3
8%
Scandone Avellino 1
8%
Chorale Roanne 1
6%
Lugano Snakes 1
6%
Ovarense 1
6%
PGE GiEK Turów Zgorzelec 1
6%
Saint Petersburg Lions 1
3%
No matching quizzes found
Score Distribution
Percent of People with Each Score
Percentile by Number Answered
Your Score History
You have not taken this quiz since the last reset